01463nam a2200277 a 450000100100000000500170001000800410002702000180006804000250008608200200011110000430013124501070017426000600028130000210034159000260036265000280038865000310041670000380044791000420048595201330052795201330066095201330079395201180092695201240104499900170116800003892320240412074259.0130506s2012 dr r 000 p spa d a9789945855241 aDO-SdBNPbspacBNPHU aRD861.44bR572c1 aRijo de la Cruz, Fausto,d1962-96519013aEl cantar del ruiseñor en primavera :bpoemas /cFausto Rijo de la Cruz ; prólogo Víctor Díaz. aHigüey, República Dominicana :bPhoto Print,c2012. a193 p. ;c23 cm. aInventariado, 2018/BT 0aPoesía dominicana966 0aLiteratura dominicana.9671 aDíaz, Víctor,epról.965191 aValidado. Control de calidad. MMOLINA 001054708DSaGRbGRcHDd2013-05-06iLF1l0oRD861.44 R572cp38923-30r2020-06-25te. 3w2020-06-25yLFDSZPréstamo en sala 001054708DSaGRbGRcHDd2013-05-06iLF1l0oRD861.44 R572cp38923-40r2020-06-25te. 4w2020-06-25yLFDSZPréstamo en sala 001054708DSaGRbGRcHDd2013-05-06iLF1l0oRD861.44 R572cp38923-50r2020-06-25te. 5w2020-06-25yLFDSZPréstamo en sala 0010718PDaPDbPDcHDd2013-05-06iLF1l0oRD861.44 R572cp38923-10r2020-06-25w2020-06-25yLFPDZNo se presta 0010718PDaPDbPDcHDd2013-05-06iLF1l0oRD861.44 R572cp38923-20r2020-06-25te. 2w2020-06-25yLFPDZNo se presta c38413d38413